| 000 | 00557nam#a2200205#c#4500 | ||
|---|---|---|---|
| 999 |
_c12505 _d12505 |
||
| 003 | IEF | ||
| 005 | 20210923115339.0 | ||
| 008 | 950601s1969 uuu####fr####| 0||u| |u | ||
| 040 |
_aIEF _cES-MaIEF |
||
| 110 | 2 |
_aFederal Reserve Bank of Boston _931105 |
|
| 245 | _aThe International adjustment mechanism | ||
| 260 | _c1969 | ||
| 490 | _aFederal Reserve Bank of Boston. Conference series ; 2 | ||
| 650 | 4 |
_950225 _aMONEDA |
|
| 650 | 4 |
_948062 _aPOLITICA MONETARIA |
|
| 650 | 4 |
_948564 _aTIPO DE CAMBIO |
|
| 942 |
_cLIB _2udc |
||
| 942 | _2udc | ||